| 000 | 00451nam a2200145 i 4500 | ||
|---|---|---|---|
| 001 | 150910 | ||
| 003 | ES-MaACL | ||
| 007 | t| | ||
| 008 | 071119s1860 sp ||||1| spa d | ||
| 245 | 0 | 0 | _aDatos estadísticos del servicio de correos, correspondientes al año de 1859. |
| 260 |
_aMadrid : _b[s.n.], _c1860 ( _fImprenta Nacional) |
||
| 300 |
_a51 p. ; _c27 cm. |
||
| 650 | 1 | 4 |
_aCorreos- _zEspaña- _vEstadísticas. _911366 |
| 852 |
_aES-MaACL _jT-174-F-4 |
||
| 999 |
_c150910 _d150910 |
||